000 00362nam a22001217a 4500
003 SGT
082 _a891.4309
_bB18V
100 _aवेंकटेश, राजन
245 _aबोधशाला स्कूल :समुदाय : परस्परता
260 _bसिद्ध प्रकाशन
_c2018
300 _a206
942 _2ddc
_cBK
999 _c30381
_d30381